Morphology in English (Record no. 17346)
[ view plain ]
| 000 -LEADER | |
|---|---|
| fixed length control field | 00446nam a22001577a 4500 |
| 008 - FIXED-LENGTH DATA ELEMENTS--GENERAL INFORMATION | |
| fixed length control field | 181026b xxu||||| |||| 00| 0 eng d |
| 020 ## - INTERNATIONAL STANDARD BOOK NUMBER | |
| International Standard Book Number | 1441111371 |
| 050 ## - LIBRARY OF CONGRESS CALL NUMBER | |
| Classification number | PE1171 |
| Item number | .H36 2011 c.1 |
| 100 ## - MAIN ENTRY--PERSONAL NAME | |
| Personal name | Hamawand, Zeki |
| 245 ## - TITLE STATEMENT | |
| Title | Morphology in English |
| Remainder of title | Word Formation in Cognitive Grammar |
| Statement of responsibility, etc. | Zeki Hamawand |
| 260 ## - PUBLICATION, DISTRIBUTION, ETC. (IMPRINT) | |
| Place of publication, distribution, etc. | London |
| Name of publisher, distributor, etc. | Bloomsbury |
| Date of publication, distribution, etc. | 2011 |
| 300 ## - PHYSICAL DESCRIPTION | |
| Extent | xiv, 275p. |
| 650 ## - SUBJECT ADDED ENTRY--TOPICAL TERM | |
| Source of heading or term | English language |
| 650 ## - SUBJECT ADDED ENTRY--TOPICAL TERM | |
| Source of heading or term | Grammar |
| 942 ## - ADDED ENTRY ELEMENTS (KOHA) | |
| Source of classification or shelving scheme | Library of Congress Classification |
| Koha item type | General Collection |
| Withdrawn status | Lost status | Source of classification or shelving scheme | Not for loan | Home library | Current library | Date acquired | Cost, normal purchase price | Total Checkouts | Total Renewals | Full call number | Barcode | Checked out | Date last seen | Date last checked out | Price effective from | Koha item type | Copy number |
|---|---|---|---|---|---|---|---|---|---|---|---|---|---|---|---|---|---|
| Library of Congress Classification | Kabarak, Main Campus | Kabarak, Main Campus | 26/10/2018 | 4625.00 | 4 | 1 | PE1171 .H36 2011 c.1 | 024591 | 15/07/2026 | 15/06/2026 | 15/06/2026 | 26/10/2018 | General Collection | ||||
| Library of Congress Classification | Kabarak, Main Campus | Kabarak, Main Campus | 15/10/2019 | 3780.00 | PE1171 .H36 2011 c. 2 | 023891 | 15/10/2019 | 15/10/2019 | General Collection | c. 2 | |||||||
| Library of Congress Classification | Kabarak, Main Campus | Kabarak, Main Campus | 15/10/2019 | 3780.00 | PE1171 .H36 2011 c. 3 | 023892 | 15/10/2019 | 15/10/2019 | General Collection | c. 3 | |||||||
| Library of Congress Classification | Kabarak, Main Campus | Kabarak, Main Campus | 15/10/2019 | 3780.00 | PE1171 .H36 2011 c. 4 | 023893 | 15/10/2019 | 15/10/2019 | General Collection | c. 4 | |||||||
| Library of Congress Classification | Kabarak, Main Campus | Kabarak, Main Campus | 15/10/2019 | 3780.00 | PE1171 .H36 2011 c. 5 | 023894 | 15/10/2019 | 15/10/2019 | General Collection | c. 5 |